Statistiques concernant Culture Générale - Série 589

Cliquez ici pour prendre le quiz!

Statistiques générales

  • Ce quiz a été pris 186 fois
  • Le résultat moyen est 6 sur 10

Statistiques - réponses

QuestionRéponse% Correct
Quels sont les deux pays présents lors d'un sommet sino-japonais ?Chine et Japon
87%
Le sigle I.U.T signifie : Institut Universitaire de...Technologie
87%
Quel est le prénom de la femme de l'ancien président des États-Unis Bill Clinton ?Hillary
86%
Un ivrogne est aussi appelé un "boit-sans-...soif
83%
Quel produit de maquillage qui rime avec "extra" sert à colorer et à allonger les cils ?mascara
81%
Quelle épice, issue de la fleur d'un crocus, donne sa couleur au riz dans la paella ?safran
80%
Qui a mis en scène Claudia Cardinale dans "Il était une fois dans l'Ouest" ?Sergio Leone
40%
Quel est le titre de l'unique opéra achevé de Ludwig van Beethoven ?Fidelio
15%
Dans le film “Le Diable au corps”, quelle comédienne est la partenaire de Gérard Philipe ?Micheline Presle
10%
Quel poète de la Grèce antique a écrit la trilogie “L'Orestie” ?Eschyle
9%

Distribution des résultats

Percentile par nombre de réponses

% des personnes avec chaque résultat

Votre développement - résultats

Vous n’avez pas pris ce quiz